Loreto College Library, Kolkata
WEBOPAC (ONLINE PUBLIC ACCESS CATALOGUE)

An Anthology of Roman Drama (Record no. 13777)

MARC details
000 -LEADER
fixed length control field 00580nam a2200193Ia 4500
008 - FIXED-LENGTH DATA ELEMENTS--GENERAL INFORMATION
fixed length control field 131103s9999 xx 000 0 und d
040 ## - CATALOGING SOURCE
Original cataloging agency Loreto College
041 ## - LANGUAGE CODE
Language code English
082 ## - DDC | ডিউই
Classification number | বর্গসংখ্যা 872.08/HAR
Book Number | গ্রন্থাঙ্ক LCLIB
245 #3 - TITLE STATEMENT | অাখ্যা বিবরণী
Title | অাখ্যা An Anthology of Roman Drama
Statement of responsibility | লেখকের দায়িত্বের বিবরণ edited with an introduction by Philip Whaley Harsh
260 ## - IMPRINT | প্রকাশনা ক্ষেত্র
Place of publication | প্রকাশ স্থান New York
Name of publisher | প্রকাশকের নাম Holt,Rinehartand Winston
Date of publication | প্রকাশ কাল 1960
300 ## - PHYSICAL DESCRIPTION |
Page / Vol. No | পৃষ্ঠা / খন্ড সংখ্যা xxviii,317 p.
504 ## - BIBLIOGRAPHY, ETC. NOTE
Bibliography, etc Includes biblioggraphical references
650 ## - SUBJECT ADDED ENTRY--TOPICAL TERM | বিষয় শিরোনাম - মূল বিষয়
Topical term | মূল বিষয় Roman Drama
651 ## - SUBJECT ADDED ENTRY--GEOGRAPHIC NAME | বিষয় শিরোনাম - ভৌগলিক নাম
Geographic name | ভৌগলিক বিষয় Latin Drama
700 ## - ADDED ENTRY--PERSONAL NAME | অতিরিক্ত সংলেখ - ব্
Personal name | ব্যাক্তিনাম Harsh,Philip Whaley,ed.
850 ## - HOLDING INSTITUTION
Holding institution LCLIB
942 ## - ADDED ENTRY ELEMENTS (KOHA)
Koha item type Books
Holdings
Withdrawn status Lost status Source of classification Damaged status Not for loan Home library Current library Shelving location Date acquired Total Checkouts Full call number Accession No. Date last seen Price effective from Koha item type
    Dewey Decimal Classification     Loreto College Loreto College Post Graduate 04/11/2013   872.08/HAR LCLIB B13804 04/11/2013 04/11/2013 Books